Diseño e historia (Record no. 10975)

MARC details
000 -CABECERA
campo de control de longitud fija 01275nam a22003497a 4500
001 - NÚMERO DE CONTROL
campo de control BRCA_9353
003 - IDENTIFICADOR DEL NÚMERO DE CONTROL
campo de control FranzMayer
005 - FECHA Y HORA DE LA ÚLTIMA TRANSACCIÓN
campo de control 20230918122204.0
008 - DATOS DE LONGITUD FIJA--INFORMACIÓN GENERAL
campo de control de longitud fija 230828b |||||||| |||| 00| 0 eng d
020 ## - NÚMERO INTERNACIONAL ESTÁNDAR DEL LIBRO
Número Internacional Estándar del Libro 9789685852302
040 ## - FUENTE DE LA CATALOGACIÓN
Centro catalogador/agencia de origen MFM
Lengua de catalogación español
Centro/agencia transcriptor MFM
050 #0 - SIGNATURA TOPOGRÁFICA DE LA BIBLIOTECA DEL CONGRESO
Número de clasificación NK1390
Número de documento/Ítem D47 2010
110 1# - ENTRADA PRINCIPAL--NOMBRE DE ENTIDAD CORPORATIVA
Código de función/relación Responsable
Nombre de entidad corporativa o nombre de jurisdicción como elemento de entrada Disegnio
Unidad subordinada Teoría y práctica
9 (RLIN) 29303
240 ## - TÍTULO UNIFORME
Título uniforme Diseño e historia
Medio Tiempo, lugar y discurso
Lenguaje de la obra Español
245 0# - MENCIÓN DE TÍTULO
Título Diseño e historia
Resto del título Tiempo, lugar y discurso
260 ## - PUBLICACIÓN, DISTRIBUCIÓN, ETC.
Lugar de publicación, distribución, etc. México
Nombre del editor, distribuidor, etc. Editorial Designio
Fecha de publicación, distribución, etc. 2010
300 ## - DESCRIPCIÓN FÍSICA
Extensión 186 p
Otras características físicas Ilustraciones
Dimensiones 23 cm
500 ## - NOTA GENERAL
Nota general Anexo 1
500 ## - NOTA GENERAL
Nota general Con dedicatoria para Héctor.
505 ## - NOTA DE CONTENIDO CON FORMATO
Nota de contenido con formato Texto en: españolIncluye índice temáticoIncluye información de los autoresDirigido a: diseñadores e historiadores del arte
650 1# - PUNTO DE ACCESO ADICIONAL DE MATERIA--TÉRMINO DE MATERIA
Fuente del encabezamiento o término Diseño
Término de materia o nombre geográfico como elemento de entrada Historia
Subdivisión de forma Historia del arte
9 (RLIN) 29304
700 1# - PUNTO DE ACCESO ADICIONAL--NOMBRE DE PERSONA
Código de función/relación Autor
Nombre de persona Salinas Flores, Oscar
9 (RLIN) 29305
700 1# - PUNTO DE ACCESO ADICIONAL--NOMBRE DE PERSONA
Código de función/relación Autor
Nombre de persona Pelta, Raquel
9 (RLIN) 29306
700 1# - PUNTO DE ACCESO ADICIONAL--NOMBRE DE PERSONA
Código de función/relación Autor
Nombre de persona Calvera, Anna
9 (RLIN) 29307
700 1# - PUNTO DE ACCESO ADICIONAL--NOMBRE DE PERSONA
Código de función/relación Autor
Nombre de persona Campi, Isabel
9 (RLIN) 29308
700 1# - PUNTO DE ACCESO ADICIONAL--NOMBRE DE PERSONA
Código de función/relación Autor
Nombre de persona Julier, Guy
9 (RLIN) 29309
700 1# - PUNTO DE ACCESO ADICIONAL--NOMBRE DE PERSONA
Código de función/relación Autor
Nombre de persona Narotzky, Viviana
9 (RLIN) 29310
700 1# - PUNTO DE ACCESO ADICIONAL--NOMBRE DE PERSONA
Código de función/relación Autor
Nombre de persona Freixa, mireia
9 (RLIN) 29311
700 1# - PUNTO DE ACCESO ADICIONAL--NOMBRE DE PERSONA
Código de función/relación Autor
Nombre de persona Bayó, Concha
9 (RLIN) 29312
710 1# - PUNTO DE ACCESO ADICIONAL--NOMBRE DE ENTIDAD CORPORATIVA
Código de función/relación Cool
Nombre de entidad corporativa o nombre de jurisdicción como elemento de entrada FHD
9 (RLIN) 29313
942 ## - ELEMENTOS DE PUNTO DE ACCESO ADICIONAL (KOHA)
Fuente del sistema de clasificación o colocación Library of Congress Classification
Tipo de ítem Koha Libros
Holdings
Estado de retiro Estado de pérdida Fuente del sistema de clasificación o colocación Estado dañado No para préstamo Código de colección Localización permanente Ubicación/localización actual Fecha de adquisición Total de préstamos Signatura topográfica completa Código de barras Fecha visto por última vez Precio válido a partir de Tipo de ítem Koha
El ejemplar forma parte de la colección y puede ser consultado según las políticas vigentes.   Library of Congress Classification     Fondo Contemporáneo Biblioteca del Museo Franz Mayer (Rogerio Casas-Alatriste) Biblioteca del Museo Franz Mayer (Rogerio Casas-Alatriste) 28/08/2023   NK1390 D47 2010 CONT10113 28/08/2023 28/08/2023 Libros